• 首页
  • 本馆介绍
  • 公告通知
  • 最新文献
  • 馆藏检索
  • 电子资源
  • 读者导购
  • 参考咨询
  • 我的图书馆
  • 登录
  • 详细信息显示
  • 放入我的书架
  • 预约/预借图书
  • 作者相关作品
  • 分类相关作品
  • 丛书相关作品
  • 出版社相关作品

书目信息

  • 表格格式
  • 工作单格式
  • 卡片格式
题名:
二胡基础演奏法
    
 
作者: 陈御麟 编著
分册:  
出版信息: 北京   金盾出版社  1999.3
页数: 308页
开本: 16开
丛书名:
单 册:
中图分类: J632.21
科图分类:
主题词: 民族器乐--理论 , 民族乐器--奏法
电子资源:
ISBN: 7-5082-0325-9
000 00683nam0 2200217 45
001 0010300802
005 20031219104047.0
010    @a7-5082-0325-9@dCNY24.00
100    @a20001030d1999 km y0chiy0120 ea
101 0  @achi
105    @a z 000yy
200 1  @a二胡基础演奏法@AEr Hu Ji Chu Yan Zou Fa@e线谱、简谱对照@EXian Pu、Jian Pu Dui Zhao@f陈御麟编著@FChen Yu Lin Bian Zhu
210    @a北京@c金盾出版社@d1999.3
215    @a308页@c冠图@d16开
517    @a线谱、简谱对照@AXian Pu、Jian Pu Dui Zhao
606 0  @a民族器乐@x理论
606 0  @a民族乐器@x奏法
690    @aJ632.21@v1
701  0 @a陈御麟@4编著
801    @aCN@bTSTC@c20001030
905    @b292042-043@dJ632.21@e24@f2
    
    二胡基础演奏法:线谱、简谱对照/陈御麟编著.-北京:金盾出版社,1999.3
    308页:冠图;16开
    
    
    ISBN 7-5082-0325-9:CNY24.00
    
●
相关链接 在E读中查询图书 在五车中查询图书 在当当中查询图书 在豆瓣中查询图书


正题名:二胡基础演奏法     索取号:J632.21/24         预约/预借

序号 登录号 条形码 馆藏地/架位号 状态 备注
1 0292042   002920423   第一借阅区/ [索取号:J632.21/24] 在馆    
2 0292043   002920432   第一样本阅览室/ [索取号:J632.21/24] 在馆    
唐山师范学院图书馆 欢迎您!
大连网信软件有限公司© 版权所有